000 00691nam a22002537a 4500
003 OSt
005 20140310184318.0
008 121112t xxu||||| |||| 00| 0 eng d
020 _a0439574684
050 _aPZ 7
_b.Av957 2004
100 _aAvi
_93840
245 _aCrispin, the cross of lead /
_cAvi.
260 _aNew York :
_bScholastic Inc.,
_c2004.
300 _a262 p. :
_c19 cm.
521 _aG5
526 _c780
650 _aIdentity--Fiction.
_93841
650 _aOrphans--Fiction
650 _aMiddle Ages--Fiction
_93842
650 _aGreat Britain--History--Edward III, 1327-1377--Fiction.
_93843
942 _2lcc
_cBK-SCHOLAS
999 _c33578
_d33578